[Event "Zaporozhye Ermak Cup 7th"]
[Site "Zaporozhye"]
[Date "2011.07.01"]
[Round "9"]
[White "Biriukov, Nikolai"]
[Black "Tkachenko, Georgiy"]
[Result "1-0"]
[WhiteElo "2426"]
[BlackElo "2233"]
[PlyCount "95"]
[EventDate "2011.06.25"]
[EventType "swiss"]
[EventRounds "9"]
[EventCountry "UKR"]
[SourceTitle "CBM 143 Extra"]
[Source "ChessBase"]
[SourceDate "2011.08.29"]
[SourceVersion "1"]
[SourceVersionDate "2011.08.29"]
[SourceQuality "1"]

1. c4 d6 2. Nc3 e5 3. g3 g6 4. Bg2 Bg7 5. e3 Nc6 6. Nge2 Be6 7. Nd5 Qd7 8. 0-0 Nd8 9. d3 c6 10. Ndc3 Bh3 11. Bxh3 Qxh3 12. Ne4 Qd7 13. c5 dxc5 14. Nxc5 Qd5 15. b4 b6 16. Nc3 Qd6 17. N5e4 Qd7 18. d4 f5 19. Ng5 h6 20. Nf3 e4 21. Nh4 Qf7 22. f3 exf3 23. Qxf3 Ne7 24. b5 0-0 25. Ba3 Re8 26. Bxe7 Qxe7 27. bxc6 Qxe3+ 28. Qxe3 Rxe3 29. Nd5 Re8 30. Rac1 Ne6 31. Nxg6 Bxd4+ 32. Kh1 Kf7 33. Ne5+ Kg7 34. Rxf5 Bxe5 35. Rxe5 Nc5 36. Rce1 Rxe5 37. Rxe5 Rc8 38. Re7+ Kg6 39. c7 Kf5 40. Kg2 Ne6 41. Kf3 h5 42. Ke3 b5 43. h3 Nc5 44. Kf3 Nd3 45. g4+ hxg4+ 46. hxg4+ Kg5 47. Re3 Rf8+ 48. Kg3 1-0

[Event "Zaporozhye Ermak Cup 7th"]
[Site "Zaporozhye"]
[Date "2011.06.28"]
[Round "5"]
[White "Efremova, Yulia"]
[Black "Tkachenko, Georgiy"]
[Result "1/2-1/2"]
[WhiteElo "2104"]
[BlackElo "2233"]
[PlyCount "144"]
[EventDate "2011.06.25"]
[EventType "swiss"]
[EventRounds "9"]
[EventCountry "UKR"]
[SourceTitle "CBM 143 Extra"]
[Source "ChessBase"]
[SourceDate "2011.08.29"]
[SourceVersion "1"]
[SourceVersionDate "2011.08.29"]
[SourceQuality "1"]

1. e4 c5 2. Nf3 Nc6 3. d4 cxd4 4. Nxd4 Nf6 5. Nc3 Qb6 6. Nb3 e6 7. Be3 Qc7 8. a3 a6 9. f3 Bd6 10. Qd2 Be5 11. 0-0-0 Na5 12. Nd4 Nc6 13. Nb3 0-0 14. Kb1 d5 15. Na4 b5 16. Nac5 Rd8 17. Qf2 dxe4 18. Be2 Bb7 19. fxe4 a5 20. Nxb7 Qxb7 21. Nc5 Qc7 22. g4 Rxd1+ 23. Rxd1 Rd8 24. Rxd8+ Nxd8 25. g5 Nd7 26. Bxb5 Nxc5 27. Bxc5 Nb7 28. Bb6 Qd6 29. Be8 f6 30. g6 hxg6 31. Bxg6 Qd1+ 32. Ka2 Qg4 33. Qg1 Qe2 34. Kb1 Nd6 35. Qf2 Qb5 36. Bd4 Nc4 37. c3 Nxa3+ 38. Ka2 Nc4 39. b3 a4 40. bxc4 Qb3+ 41. Ka1 Qa3+ 42. Kb1 Qb3+ 43. Qb2 Qd1+ 44. Ka2 Bd6 45. c5 Bf4 46. e5 Bxe5 47. Bxe5 Qd5+ 48. Ka1 Qxe5 49. c6 f5 50. c4 Qf4 51. h4 a3 52. Qb3 Qc1+ 53. Ka2 Qd2+ 54. Kxa3 Qa5+ 55. Qa4 Qc3+ 56. Ka2 Qd2+ 57. Kb3 Qd1+ 58. Kb4 Qd6+ 59. c5 Qf4+ 60. Ka5 Qc7+ 61. Ka6 Qc8+ 62. Kb6 Qb8+ 63. Ka6 Qa8+ 64. Kb5 Qb8+ 65. Ka5 Qc7+ 66. Kb4 Qf4+ 67. Ka3 Qc1+ 68. Ka2 Qd2+ 69. Kb1 Qe1+ 70. Kc2 Qe2+ 71. Kc3 Qe3+ 72. Kc4 Qf4+ 1/2-1/2

[Event "UKR-ch"]
[Site "Alushta"]
[Date "2009.05.16"]
[Round "6"]
[White "Khazankin, Moisey"]
[Black "Tkachenko, Georgiy"]
[Result "1-0"]
[WhiteElo "2134"]
[BlackElo "2278"]
[PlyCount "85"]
[EventDate "2009.05.11"]
[EventType "swiss"]
[EventRounds "9"]
[EventCountry "UKR"]
[SourceTitle "CBM 130 Extra"]
[Source "ChessBase"]
[SourceDate "2009.07.02"]
[SourceVersion "2"]
[SourceVersionDate "2009.07.15"]
[SourceQuality "1"]

1. e4 c6 2. d4 d5 3. exd5 cxd5 4. Bd3 Nc6 5. c3 Nf6 6. Bf4 g6 7. h3 Bf5 8. Nf3 Qb6 9. Bxf5 gxf5 10. Qb3 Rg8 11. 0-0 e6 12. Na3 Nh5 13. Bh2 f4 14. Qxb6 axb6 15. Nb5 Kd7 16. Ne5+ Nxe5 17. dxe5 Bg7 18. Rfe1 f6 19. c4 fxe5 20. g4 fxg3 21. fxg3 Bh6 22. cxd5 Nxg3 23. dxe6+ Kc6 24. Bxg3 Bf4 25. a4 Rxg3+ 26. Kf2 Rag8 27. Rad1 Rxh3 28. b4 Bg3+ 29. Ke2 e4 30. e7 Bf4 31. Rd8 Re3+ 32. Kd1 Rxd8+ 33. exd8Q Rd3+ 34. Qxd3 exd3 35. Re4 Bg5 36. Rc4+ Kd5 37. Rd4+ Ke5 38. Rxd3 Be7 39. Rd4 h5 40. Ke2 Kf5 41. Kf3 Ke5 42. Re4+ Kf6 43. Nc7 1-0

[Event "UKR-ch"]
[Site "Alushta"]
[Date "2009.05.11"]
[Round "1"]
[White "Tkachenko, Georgiy"]
[Black "Vatinyan, Gor"]
[Result "1/2-1/2"]
[WhiteElo "2278"]
[BlackElo "1951"]
[PlyCount "60"]
[EventDate "2009.05.11"]
[EventType "swiss"]
[EventRounds "9"]
[EventCountry "UKR"]
[SourceTitle "CBM 130 Extra"]
[Source "ChessBase"]
[SourceDate "2009.07.02"]
[SourceVersion "2"]
[SourceVersionDate "2009.07.15"]
[SourceQuality "1"]

1. d4 Nf6 2. Bg5 c5 3. Nf3 Qb6 4. b3 Ne4 5. Be3 e6 6. Qd3 d5 7. Nfd2 Nxd2 8. Nxd2 Nc6 9. c3 cxd4 10. Bxd4 Nxd4 11. cxd4 Bd7 12. e3 Bb4 13. Be2 Qa5 14. a3 0-0 15. 0-0 Bxd2 16. b4 Bxb4 17. axb4 Qxb4 18. Rfb1 Qd6 19. Rxb7 a5 20. Qa3 Qxa3 21. Rxa3 Rfd8 22. f4 a4 23. Bb5 Bxb5 24. Rxb5 Ra7 25. Kf2 f5 26. h3 Kf7 27. g4 g6 28. Rb4 Rda8 29. Kg3 Kf6 30. Rb6 Rc8 1/2-1/2

[Event "Elista Chess City op 10th"]
[Site "Elista"]
[Date "2008.09.17"]
[Round "3"]
[White "Tkachenko, Georgiy"]
[Black "Nyudleev, Dolgan"]
[Result "1/2-1/2"]
[WhiteElo "2284"]
[BlackElo "2409"]
[PlyCount "113"]
[EventDate "2008.09.16"]
[EventType "swiss"]
[EventRounds "9"]
[EventCountry "RUS"]
[SourceTitle "CBM 126 Extra"]
[Source "ChessBase"]
[SourceDate "2008.11.05"]
[SourceVersion "1"]
[SourceVersionDate "2008.11.05"]
[SourceQuality "1"]

1. d4 e6 2. Nf3 b6 3. g3 Bb7 4. Bg2 Nf6 5. 0-0 Be7 6. c4 0-0 7. Nc3 c5 8. d5 exd5 9. cxd5 d6 10. a4 a6 11. Re1 b5 12. axb5 axb5 13. Rxa8 Bxa8 14. Nxb5 Bxd5 15. Nc3 Bc6 16. e4 Nbd7 17. Nh4 Qc7 18. Nf5 Ne5 19. Bg5 h6 20. Bc1 Rc8 21. h3 Bf8 22. Bf4 Qb8 23. b3 Qb4 24. Bd2 Qb7 25. Qc2 Qb8 26. f4 Ng6 27. Qd3 Qc7 28. Rb1 Re8 29. Kh2 h5 30. Nb5 Qb8 31. Nbxd6 Rd8 32. e5 Bxg2 33. Kxg2 Ne8 34. Qf3 Bxd6 35. exd6 Nxd6 36. Nxd6 Qxd6 37. Be1 h4 38. Ba5 Re8 39. Re1 Rxe1 40. Bxe1 hxg3 41. Bxg3 Qd2+ 42. Qf2 Qd5+ 43. Kh2 Qxb3 44. f5 Nf8 45. Qxc5 Qb2+ 46. Kh1 Qb1+ 47. Kg2 Qe4+ 48. Kh2 Qe2+ 49. Bf2 Nd7 50. Qe3 Qxe3 51. Bxe3 g6 52. Kg3 Nf6 53. Bd4 Ne4+ 54. Kf4 gxf5 55. Kxf5 Nd6+ 56. Ke5 Ne8 57. Kf5 1/2-1/2

[Event "Berezovskoe op-B"]
[Site "Berezovskoe"]
[Date "2008.08.29"]
[Round "7"]
[White "Tkachenko, Georgiy"]
[Black "Savenko, Sergey"]
[Result "1-0"]
[WhiteElo "2284"]
[BlackElo "2230"]
[PlyCount "105"]
[EventDate "2008.08.25"]
[EventType "swiss"]
[EventRounds "9"]
[EventCountry "UKR"]
[SourceTitle "CBM 126 Extra"]
[Source "ChessBase"]
[SourceDate "2008.11.05"]
[SourceVersion "1"]
[SourceVersionDate "2008.11.05"]
[SourceQuality "1"]

1. d4 d6 2. e4 g6 3. c3 Bg7 4. Nf3 Nf6 5. Nbd2 0-0 6. h3 b6 7. Be2 Bb7 8. Qc2 c5 9. 0-0 cxd4 10. Nxd4 Nbd7 11. a4 Rc8 12. N4b3 a6 13. f4 Rc7 14. Bf3 e5 15. Qd3 Qc8 16. f5 gxf5 17. exf5 d5 18. Be2 Kh8 19. Qg3 Rg8 20. Qh4 Qd8 21. Nf3 Ne4 22. Ng5 Nxg5 23. Bxg5 Bf6 24. Bxf6+ Qxf6 25. Qxf6+ Nxf6 26. Bf3 Rc4 27. a5 b5 28. Rae1 Re8 29. Kh2 Kg7 30. g4 h6 31. Kg3 Nh7 32. h4 Kf6 33. Be2 Rcc8 34. Bf3 Nf8 35. Rd1 e4 36. Be2 Ke5 37. f6 Kd6 38. Nd4 Ng6 39. Nf5+ Kd7 40. Nxh6 b4 41. Rc1 bxc3 42. bxc3 Ne5 43. g5 Rc5 44. Nf5 Rec8 45. h5 Rxc3+ 46. Rxc3 Rxc3+ 47. Kf4 Nc6 48. g6 Nd8 49. Nd4 Kd6 50. g7 Ne6+ 51. Nxe6 fxe6 52. f7 e5+ 53. Kg5 1-0

[Event "UKR-ch sf"]
[Site "Alushta"]
[Date "2008.05.19"]
[Round "9"]
[White "Artemchuk, Taras"]
[Black "Tkachenko, Georgiy"]
[Result "0-1"]
[WhiteElo "2226"]
[BlackElo "2277"]
[PlyCount "192"]
[EventDate "2008.05.10"]
[EventType "swiss"]
[EventRounds "9"]
[EventCountry "UKR"]
[SourceTitle "CBM 124 Extra"]
[Source "ChessBase"]
[SourceDate "2008.07.03"]
[SourceVersion "1"]
[SourceVersionDate "2008.07.03"]
[SourceQuality "1"]

1. d4 f5 2. g3 Nf6 3. Bg2 g6 4. b3 Bg7 5. Bb2 0-0 6. Nf3 d6 7. 0-0 c6 8. c4 e5 9. dxe5 Ng4 10. Nbd2 Nxe5 11. Qc2 Na6 12. Rad1 Nb4 13. Qb1 a5 14. c5 Nxf3+ 15. Nxf3 d5 16. Bxg7 Kxg7 17. e3 Qf6 18. Nd4 Bd7 19. a3 Na6 20. Qc2 Rfe8 21. Qc3 Nc7 22. Ra1 Ne6 23. Nxe6+ Bxe6 24. Qxf6+ Kxf6 25. Rfd1 Red8 26. Rd4 b6 27. cxb6 Rdb8 28. Rc1 Rxb6 29. Rc5 Ke7 30. Rd3 Kd6 31. Rdc3 Bd7 32. Bf3 Rab8 33. Bd1 Rb5 34. Rxb5 Rxb5 35. Kf1 c5 36. Ke1 Be6 37. Bf3 d4 38. exd4 cxd4 39. Rd3 Rxb3 40. Rxb3 Bxb3 41. Kd2 Kc5 42. Be2 Bc4 43. Bd1 Kd5 44. Bf3+ Ke5 45. h4 f4 46. Bg2 h6 47. Bf3 g5 48. hxg5 hxg5 49. Bg2 Kf5 50. Bf3 Ke5 51. Bg2 Bd5 52. Bh3 Be4 53. Bc8 Bc6 54. Bh3 Bb5 55. Bg2 Kd6 56. Be4 Kc5 57. Bf3 Bf1 58. Bg4 Bg2 59. Bh5 Be4 60. Be2 Bd5 61. Bd3 Bc6 62. Be2 Bb5 63. Bg4 Kd5 64. Bf5 Ke5 65. Bg6 Bc4 66. Bh7 Bf1 67. Bg6 Bh3 68. Bd3 Bf5 69. Bc4 Kf6 70. Bd5 Ke7 71. Bc4 Kd6 72. Bb5 Kd5 73. Ba6 Kc5 74. Be2 Be6 75. Bd3 Bd5 76. Be2 Be4 77. Ba6 Bb1 78. Be2 Bh7 79. Ba6 Bg6 80. Be2 d3 81. Bxd3 Bxd3 82. Kxd3 fxg3 83. fxg3 Kd5 84. a4 Kc5 85. g4 Kb4 86. Kd4 Kxa4 87. Kc4 Ka3 88. Kc3 a4 89. Kc2 Kb4 90. Kb2 Kc4 91. Ka3 Kd4 92. Kxa4 Ke3 93. Kb4 Kf3 94. Kc3 Kxg4 95. Kd2 Kf3 96. Ke1 Kg2 0-1

[Event "Lugansk Summer"]
[Site "Lugansk"]
[Date "2007.07.02"]
[Round "3"]
[White "Tkachenko, Georgiy"]
[Black "Kostromin, Mikhail"]
[Result "1/2-1/2"]
[WhiteElo "2318"]
[BlackElo "2409"]
[PlyCount "36"]
[EventDate "2007.07.01"]
[EventType "tourn"]
[EventRounds "11"]
[EventCountry "UKR"]
[EventCategory "7"]
[SourceTitle "CBM 119 Extra"]
[Source "ChessBase"]
[SourceDate "2007.09.04"]
[SourceVersion "1"]
[SourceVersionDate "2007.09.04"]
[SourceQuality "1"]

1. Nf3 Nf6 2. c4 e6 3. d4 d5 4. e3 Be7 5. Nc3 0-0 6. Bd3 Nbd7 7. 0-0 c5 8. cxd5 exd5 9. b3 Re8 10. Bb2 cxd4 11. Nxd4 Nc5 12. Bb5 Bd7 13. Be2 Rc8 14. Bf3 Be6 15. Nxe6 fxe6 16. Nb5 a6 17. Nd4 Bd6 18. g3 Qe7 1/2-1/2

[Event "UKR-ch qual"]
[Site "Alushta"]
[Date "2007.05.18"]
[Round "8"]
[White "Tkachenko, Georgiy"]
[Black "Golovanj, Andrej"]
[Result "1-0"]
[WhiteElo "2329"]
[BlackElo "2250"]
[PlyCount "123"]
[EventDate "2007.05.11"]
[EventType "swiss"]
[EventRounds "9"]
[EventCountry "UKR"]
[SourceTitle "EXT 2008"]
[Source "ChessBase"]
[SourceDate "2007.11.25"]
[SourceVersion "1"]
[SourceVersionDate "2007.11.25"]
[SourceQuality "1"]

1. d4 Nf6 2. Bg5 e6 3. Nf3 c5 4. c3 h6 5. Bxf6 Qxf6 6. e3 b6 7. Nbd2 Bb7 8. Bd3 Qd8 9. 0-0 Be7 10. Qe2 0-0 11. e4 cxd4 12. Nxd4 Nc6 13. N2b3 Ne5 14. Bc2 Qc8 15. a4 Qc4 16. Qh5 d6 17. f4 Nd7 18. Rfe1 Nf6 19. Qh3 e5 20. Nf5 Qe6 21. Nd2 exf4 22. Qh4 Rfe8 23. Nf3 Nxe4 24. Qxf4 d5 25. N3d4 Bc5 26. Re3 Bxd4 27. Nxd4 Qf6 28. Qxf6 Nxf6 29. Rf3 Re5 30. a5 Rae8 31. h3 Re1+ 32. Rf1 Rxf1+ 33. Kxf1 Ne4 34. axb6 axb6 35. Ra7 Bc8 36. Ba4 Rf8 37. Bc6 Nf6 38. Ke2 g5 39. Ba4 Kg7 40. Bc2 Re8+ 41. Kf1 Ne4 42. Ba4 Rf8 43. Bd7 Bxd7 44. Rxd7 Ra8 45. Rxd5 Ra1+ 46. Ke2 Ra2 47. Kd3 Nc5+ 48. Kc2 Ra1 49. Rd6 Rg1 50. Nf5+ Kh7 51. Rxh6+ Kg8 52. Ne3 Ne6 53. b4 Kg7 54. Nf5+ Kg8 55. g3 Rf1 56. Rf6 Kf8 57. Kd3 b5 58. Ke4 Rf2 59. h4 gxh4 60. gxh4 Rf4+ 61. Ke5 Rxh4 62. Nxh4 1-0

[Event "Novoshachtinsk op"]
[Site "Novoshachtinsk"]
[Date "2007.02.??"]
[Round "3"]
[White "Weetik, Vjacheslav"]
[Black "Tkachenko, Georgiy"]
[Result "1/2-1/2"]
[WhiteElo "2420"]
[BlackElo "2316"]
[PlyCount "115"]
[EventDate "2007.02.??"]
[EventType "swiss"]
[EventRounds "9"]
[EventCountry "RUS"]
[SourceTitle "EXT 2010"]
[Source "ChessBase"]
[SourceDate "2010.11.25"]
[SourceVersion "1"]
[SourceVersionDate "2010.11.25"]
[SourceQuality "1"]

1. e4 c6 2. d4 d5 3. e5 Bf5 4. Nf3 e6 5. Be2 h5 6. h4 Bg4 7. Nbd2 Nh6 8. c3 Nf5 9. g3 Be7 10. Qb3 Qb6 11. Bd3 Bxf3 12. Nxf3 g6 13. Bf4 c5 14. dxc5 Bxc5 15. Qa4+ Nc6 16. 0-0 Bf8 17. Rfe1 Bg7 18. Re2 Nh6 19. Bg5 Ng4 20. Rae1 0-0 21. Qf4 Qc7 22. b4 a6 23. a4 Rac8 24. b5 axb5 25. Bxb5 Na5 26. Nd4 Kh7 27. f3 Nh6 28. Re3 Nc6 29. Nxc6 bxc6 30. Bd3 Nf5 31. R3e2 Qa7+ 32. Kg2 Ra8 33. g4 hxg4 34. fxg4 Nh6 35. h5 Qxa4 36. c4 Qb3 37. Rd2 Ra2 38. Rh1 Rxd2+ 39. Qxd2 Nxg4 40. Be2 Bxe5 41. Rh3 Qb2 42. Bxg4 Rb8 43. hxg6+ Kg8 44. gxf7+ Kxf7 45. Bh5+ Kg7 46. Bh6+ Kg8 47. Qxb2 Rxb2+ 48. Kf1 Rh2 49. Rxh2 Bxh2 50. c5 Be5 51. Bd2 Bd4 52. Bb4 Kf8 53. Ke2 Ke7 54. Kd3 Bg1 55. Kc3 e5 56. Kb3 Kd7 57. Ka4 Kc7 58. Be2 1/2-1/2

[Event "Elista Chess Master 6th "]
[Site "Elista"]
[Date "2006.06.15"]
[Round "8"]
[White "Tkachenko, Georgiy"]
[Black "Erendzhenov, Stanislav"]
[Result "1/2-1/2"]
[WhiteElo "2330"]
[BlackElo "2366"]
[PlyCount "21"]
[EventDate "2006.06.10"]
[EventType "tourn"]
[EventRounds "11"]
[EventCountry "RUS"]
[SourceTitle "EXT 2008"]
[Source "ChessBase"]
[SourceDate "2007.11.25"]
[SourceVersion "1"]
[SourceVersionDate "2007.11.25"]
[SourceQuality "1"]

1. d4 Nf6 2. Bg5 e6 3. Nd2 h6 4. Bxf6 Qxf6 5. Ngf3 b6 6. e3 Bb7 7. Bd3 Qd8 8. c3 Be7 9. Ne4 d6 10. Ng3 Nd7 11. Be4 1/2-1/2

[Event "Elista Chess Master 6th "]
[Site "Elista"]
[Date "2006.06.12"]
[Round "4"]
[White "Statsenko, Viktor"]
[Black "Tkachenko, Georgiy"]
[Result "0-1"]
[WhiteElo "2141"]
[BlackElo "2330"]
[PlyCount "101"]
[EventDate "2006.06.10"]
[EventType "tourn"]
[EventRounds "11"]
[EventCountry "RUS"]
[SourceTitle "EXT 2008"]
[Source "ChessBase"]
[SourceDate "2007.11.25"]
[SourceVersion "1"]
[SourceVersionDate "2007.11.25"]
[SourceQuality "1"]

1. Nf3 f5 2. g3 b6 3. Bg2 Bb7 4. 0-0 Nf6 5. d3 e6 6. b3 Be7 7. Bb2 0-0 8. Nbd2 Qe8 9. Re1 Na6 10. a3 Nc5 11. c4 a5 12. Bc3 d6 13. b4 Na4 14. Qb3 Nxc3 15. Qxc3 Nd7 16. Rab1 Bf6 17. Qc2 axb4 18. axb4 Qh5 19. e4 Ra7 20. d4 Rfa8 21. Qd3 Ra3 22. Rb3 Rxb3 23. Qxb3 fxe4 24. Nxe4 Bxe4 25. Rxe4 Ra1+ 26. Ne1 Bxd4 27. Kf1 e5 28. Re2 Nf6 29. h4 Qf5 30. c5+ Kf8 31. cxd6 cxd6 32. b5 g6 33. Qf3 Qxf3 34. Bxf3 Rb1 35. Bc6 Bc3 36. f3 Ke7 37. Kf2 Bxe1+ 38. Rxe1 Rxe1 39. Kxe1 d5 40. g4 Kd6 41. Kd2 h6 42. Ke3 g5 43. hxg5 hxg5 44. Kd3 Ng8 45. Be8 Ne7 46. Kc3 Kc5 47. Kd3 Nc8 48. Bg6 Nd6 49. Ke3 Nxb5 50. Bc2 Nd4 51. Bb1 0-1

[Event "Elista Chess Master 6th "]
[Site "Elista"]
[Date "2006.06.11"]
[Round "3"]
[White "Tkachenko, Georgiy"]
[Black "Pilavov, Georgy"]
[Result "1-0"]
[WhiteElo "2330"]
[BlackElo "2525"]
[PlyCount "47"]
[EventDate "2006.06.10"]
[EventType "tourn"]
[EventRounds "11"]
[EventCountry "RUS"]
[SourceTitle "EXT 2008"]
[Source "ChessBase"]
[SourceDate "2007.11.25"]
[SourceVersion "1"]
[SourceVersionDate "2007.11.25"]
[SourceQuality "1"]

1. c4 b6 2. Nf3 Bb7 3. e3 e6 4. Be2 Nf6 5. 0-0 d5 6. cxd5 exd5 7. d4 Bd6 8. Nc3 a6 9. Ne5 0-0 10. f4 c5 11. Bf3 Nbd7 12. Qb3 c4 13. Qd1 b5 14. a3 Ne4 15. Bd2 Nxc3 16. Bxc3 a5 17. Bg4 Nf6 18. Bf5 b4 19. Be1 Qc7 20. Bh4 Ne4 21. Qh5 g6 22. Qh6 gxf5 23. Bf6 Nxf6 24. Qg5+ 1-0

[Event "Elista Chess Master 6th "]
[Site "Elista"]
[Date "2006.06.11"]
[Round "2"]
[White "Utnasunov, Alexander"]
[Black "Tkachenko, Georgiy"]
[Result "1-0"]
[WhiteElo "2423"]
[BlackElo "2330"]
[PlyCount "65"]
[EventDate "2006.06.10"]
[EventType "tourn"]
[EventRounds "11"]
[EventCountry "RUS"]
[SourceTitle "EXT 2008"]
[Source "ChessBase"]
[SourceDate "2007.11.25"]
[SourceVersion "1"]
[SourceVersionDate "2007.11.25"]
[SourceQuality "1"]

1. d4 d5 2. c4 e6 3. Nc3 f5 4. cxd5 exd5 5. e4 Nf6 6. exd5 Nbd7 7. Nf3 Nb6 8. Bb5+ Bd7 9. Bxd7+ Qxd7 10. 0-0 0-0-0 11. Ne5 Qe8 12. Qf3 g6 13. Bg5 Be7 14. Bxf6 Bxf6 15. Rfe1 Qg8 16. d6 cxd6 17. Nb5 Bxe5 18. dxe5 dxe5 19. Rxe5 Kb8 20. Qg3 Ka8 21. Nc7+ Kb8 22. Ne6 Ka8 23. Nc7+ Kb8 24. Re8 Qc4 25. Qe5 Qxc7 26. Qxh8 Rxe8 27. Qxe8+ Nc8 28. Re1 a6 29. Qe5 Nd6 30. h3 Ne4 31. Qxc7+ Kxc7 32. f3 Nf6 33. Re7+ 1-0